000 00432cam a2200181ua 4500
001 10160
008 170821n enk |||gr||||Z||||||eng
020 _a0333253493
040 _cMAIN
082 _a338.5
100 _aKoutsoyiannis, A,
_eAuthor.
245 _aModern microeconomics
_cBy A Koutsoyiannis
250 _a2nd ed.
260 _aLondon:
_bMacmillan,
_c1979.
300 _a581p.
653 _aMicroeconomics
942 _cBK
999 _c9157
_d9157